Normal view
MARC view
- Gomis-Bellmunt, Oriol
Entry Personal Name
001 - CONTROL NUMBER
- control field: 84665
003 - CONTROL NUMBER IDENTIFIER
- control field: NUST
005 - DATE AND TIME OF LATEST TRANSACTION
- control field: 20211119155559.0
008 - FIXED-LENGTH DATA ELEMENTS
- fixed length control field: 211119|| aca||aabn | a|a d
040 ## - CATALOGING SOURCE
- Original cataloging agency: NUST
- Transcribing agency: NUST
100 ## - HEADING--PERSONAL NAME
- Personal name: Gomis-Bellmunt, Oriol
670 ## - SOURCE DATA FOUND
- Source citation: Work cat.: (NUST)33125: Gomis-Bellmunt, Oriol., Design rules for actuators in active mechanical systems /, c2010.
